<?xml version="1.0" encoding="UTF-8"?>
<record
    xmlns:xsi="http://www.w3.org/2001/XMLSchema-instance"
    xsi:schemaLocation="http://www.loc.gov/MARC21/slim http://www.loc.gov/standards/marcxml/schema/MARC21slim.xsd"
    xmlns="http://www.loc.gov/MARC21/slim">

  <leader>01321nam a2200337 a 4500</leader>
  <controlfield tag="008">980113s1997 m yxo               0  slo c</controlfield>
  <datafield tag="020" ind1=" " ind2=" ">
    <subfield code="a">8090049397</subfield>
    <subfield code="c">9</subfield>
  </datafield>
  <datafield tag="040" ind1=" " ind2=" ">
    <subfield code="a">SNK</subfield>
    <subfield code="b">slo</subfield>
    <subfield code="c">SNK</subfield>
    <subfield code="e">AACR2</subfield>
  </datafield>
  <datafield tag="041" ind1="1" ind2=" ">
    <subfield code="a">slo</subfield>
    <subfield code="a">ger</subfield>
    <subfield code="a">eng</subfield>
  </datafield>
  <datafield tag="044" ind1=" " ind2=" ">
    <subfield code="a">xo</subfield>
    <subfield code="c">SK</subfield>
  </datafield>
  <datafield tag="080" ind1=" " ind2=" ">
    <subfield code="a">908.234.372.4(084.4)</subfield>
  </datafield>
  <datafield tag="080" ind1=" " ind2=" ">
    <subfield code="a">796.5</subfield>
  </datafield>
  <datafield tag="110" ind1="0" ind2=" ">
    <subfield code="a">MAPA Slovakia Bratislava, Slovensko</subfield>
    <subfield code="4">aut</subfield>
  </datafield>
  <datafield tag="245" ind1="1" ind2="0">
    <subfield code="a">&#x160;ari&#x161;</subfield>
    <subfield code="h">kartografick&#xFD; dokument</subfield>
    <subfield code="b">podrobn&#xFD; atlas regi&#xF3;nu</subfield>
    <subfield code="c">spracovala MAPA Slovakia s.r.o, Bratislava ; riadiaci redaktor: A. Magula ; technick&#xFD; redaktor: B. Glos ; mapov&#xE1; &#x10D;as&#x165;: D. &#x160;&#xE1;ndor, A. Fuknov&#xE1;, G. Glosov&#xE1; ; textov&#xE1; &#x10D;as&#x165;: K. Ondrejka</subfield>
  </datafield>
  <datafield tag="260" ind1=" " ind2=" ">
    <subfield code="a">Bratislava</subfield>
    <subfield code="b">MAPA Slovakia</subfield>
    <subfield code="c">1997</subfield>
  </datafield>
  <datafield tag="300" ind1=" " ind2=" ">
    <subfield code="a">1 atlas (96 s.)</subfield>
    <subfield code="b">mapy a text</subfield>
    <subfield code="c">30x21 cm</subfield>
  </datafield>
  <datafield tag="500" ind1=" " ind2=" ">
    <subfield code="a">Text aj nem. a angl.</subfield>
  </datafield>
  <datafield tag="500" ind1=" " ind2=" ">
    <subfield code="a">Obs. inform., graf. mierky, klad l., pl., rekl., vysvetl. Red. uz&#xE1;vierka 1.7.1997</subfield>
  </datafield>
  <datafield tag="505" ind1="0" ind2=" ">
    <subfield code="a">Obsahuje 13 m&#xE1;p</subfield>
  </datafield>
  <datafield tag="651" ind1="0" ind2="7">
    <subfield code="a">&#x160;ari&#x161; (Slovensko)</subfield>
    <subfield code="x">atlasy regi&#xF3;nov</subfield>
    <subfield code="x">mapy orienta&#x10D;n&#xE9;</subfield>
    <subfield code="2">SNK</subfield>
  </datafield>
  <datafield tag="700" ind1="1" ind2=" ">
    <subfield code="a">Magula, A.</subfield>
    <subfield code="4">lso</subfield>
  </datafield>
  <datafield tag="700" ind1="1" ind2=" ">
    <subfield code="a">Glos, Boris</subfield>
    <subfield code="4">lso</subfield>
  </datafield>
  <datafield tag="700" ind1="1" ind2=" ">
    <subfield code="a">&#x160;&#xE1;ndor, D.</subfield>
    <subfield code="4">wam</subfield>
  </datafield>
  <datafield tag="700" ind1="1" ind2=" ">
    <subfield code="a">Fuknov&#xE1;, Alexandra</subfield>
    <subfield code="4">wam</subfield>
  </datafield>
  <datafield tag="700" ind1="1" ind2=" ">
    <subfield code="a">Glosov&#xE1;, Dana</subfield>
    <subfield code="4">wam</subfield>
  </datafield>
  <datafield tag="700" ind1="1" ind2=" ">
    <subfield code="a">Ondrejka, Kliment</subfield>
    <subfield code="4">lyr</subfield>
  </datafield>
  <datafield tag="700" ind1="1" ind2=" ">
    <subfield code="a">&#x10C;eman, R&#xF3;bert</subfield>
    <subfield code="4">bjd</subfield>
  </datafield>
  <datafield tag="700" ind1="1" ind2=" ">
    <subfield code="a">Dugas, Dion&#xFD;z</subfield>
    <subfield code="4">pht</subfield>
  </datafield>
  <datafield tag="923" ind1=" " ind2=" ">
    <subfield code="a">orienta&#x10D;n&#xFD;</subfield>
    <subfield code="b">viazan&#xFD;</subfield>
    <subfield code="c">&#xFA;&#x10D;elov&#xFD;</subfield>
  </datafield>
  <datafield tag="958" ind1=" " ind2=" ">
    <subfield code="a">CAT</subfield>
  </datafield>
  <datafield tag="999" ind1=" " ind2=" ">
    <subfield code="c">15299</subfield>
    <subfield code="d">15299</subfield>
  </datafield>
  <datafield tag="952" ind1=" " ind2=" ">
    <subfield code="0">0</subfield>
    <subfield code="1">0</subfield>
    <subfield code="4">0</subfield>
    <subfield code="7">0</subfield>
    <subfield code="8">K</subfield>
    <subfield code="a">10000</subfield>
    <subfield code="b">10000</subfield>
    <subfield code="d">2019-11-29</subfield>
    <subfield code="g">9.00</subfield>
    <subfield code="i">14332</subfield>
    <subfield code="o">I 0370</subfield>
    <subfield code="r">2019-11-29</subfield>
    <subfield code="w">2019-11-29</subfield>
    <subfield code="y">OLDO</subfield>
  </datafield>
</record>
